| Tag |
First Indicator |
Second Indicator |
Subfields |
| LEADER |
00000cam a2200000Ia 4500 |
| 001 |
in00002575000 |
| 005 |
20210727090355.0 |
| 006 |
m d |
| 007 |
cr cn| |
| 008 |
100323s2010 ne a sb 000 0 eng d |
| 019 |
|
|
|a 551957912
|
| 020 |
|
|
|a 9048130832
|
| 020 |
|
|
|a 9789048130832
|
| 035 |
|
|
|a (OCoLC)567359255
|z (OCoLC)551957912
|
| 035 |
|
|
|a (OCoLC)ocn567359255
|
| 035 |
|
|
|a 3706605
|
| 037 |
|
|
|a 978-90-481-3082-5
|b Springer
|n http://www.springerlink.com
|
| 040 |
|
|
|a GW5XE
|b eng
|c GW5XE
|d COO
|d UtOrBLW
|
| 049 |
|
|
|a TXAC
|
| 050 |
|
4 |
|a TK7888
|b .A535 2010
|
| 082 |
0 |
4 |
|a 621.3815
|2 22
|
| 245 |
0 |
0 |
|a Analog circuit design :
|b smart data converters, filters on chip, multimode transmitters /
|c edited by Michiel Steyaert, Arthur H.M. van Roermund, Herman Casier.
|
| 264 |
|
1 |
|a Dordrecht ;
|a London :
|b Springer,
|c [2010]
|
| 264 |
|
4 |
|c ©2010
|
| 300 |
|
|
|a viii, 342 pages :
|b illustrations
|
| 336 |
|
|
|a text
|b txt
|2 rdacontent
|
| 337 |
|
|
|a computer
|b c
|2 rdamedia
|
| 338 |
|
|
|a online resource
|b cr
|2 rdacarrier
|
| 500 |
|
|
|a Electronic resource.
|
| 504 |
|
|
|a Includes bibliographical references.
|
| 506 |
|
|
|a Access is restricted to subscribing institutions.
|
| 533 |
|
|
|a Electronic reproduction.
|b New York :
|c Springer,
|d 2010.
|n Mode of access: World Wide Web.
|n System requirements: Web browser.
|n Title from title screen (viewed on Feb. 18, 2010).
|n Access may be restricted to users at subscribing institutions.
|
| 650 |
|
0 |
|a Electronic analog computers
|x Circuits.
|0 http://id.loc.gov/authorities/subjects/sh85042251
|
| 655 |
|
7 |
|a Electronic books.
|2 local
|
| 700 |
1 |
|
|a Casier, Herman.
|0 http://id.loc.gov/authorities/names/no2006130157
|
| 700 |
1 |
|
|a Roermund, Arthur H. M. van.
|0 http://id.loc.gov/authorities/names/n99831301
|
| 700 |
1 |
|
|a Steyaert, Michiel,
|d 1959-
|0 http://id.loc.gov/authorities/names/n93015854
|
| 710 |
2 |
|
|a SpringerLink (Online service)
|0 http://id.loc.gov/authorities/names/no2005046756
|
| 776 |
1 |
|
|c Original
|z 9789048130825
|z 9048130824
|z 9048130832
|z 9789048130832
|w (OCoLC)501390128
|
| 856 |
4 |
0 |
|u http://proxy.library.tamu.edu/login?url=https://dx.doi.org/10.1007/978-90-481-3083-2
|z Connect to the full text of this electronic book
|t 0
|
| 994 |
|
|
|a 92
|b TXA
|
| 999 |
|
|
|a MARS
|
| 999 |
f |
f |
|s 7e4be177-37b9-36c9-b7b5-15a4937a55a7
|i a955b359-4f52-300f-ab62-88a71128257f
|t 0
|
| 952 |
f |
f |
|a Texas A&M University
|b College Station
|c Electronic Resources
|d Available Online
|t 0
|e TK7888 .A535 2010
|h Library of Congress classification
|
| 998 |
f |
f |
|a TK7888 .A535 2010
|t 0
|l Available Online
|